Justicia y Comunidad : (Registro nro. 44153)
[ vista simple ]
| 000 -CABECERA | |
|---|---|
| campo de control de longitud fija | 00513nam a2200157 a 4500 |
| 001 - NÚMERO DE CONTROL | |
| campo de control | 000044664 |
| 005 - FECHA Y HORA DE LA ÚLTIMA TRANSACCIÓN | |
| campo de control | 20201002045534.0 |
| 008 - DATOS DE LONGITUD FIJA--INFORMACIÓN GENERAL | |
| campo de control de longitud fija | 141215s2012 dr a 000 0 spa d |
| 020 ## - NÚMERO INTERNACIONAL ESTÁNDAR DEL LIBRO | |
| Número Internacional Estándar del Libro | 9789945883213 |
| 040 ## - FUENTE DE LA CATALOGACIÓN | |
| Centro catalogador/agencia de origen | DO-SdBNP |
| Lengua de catalogación | spa |
| Centro/agencia transcriptor | BNPHU |
| 082 ## - NÚMERO DE LA CLASIFICACIÓN DECIMAL DEWEY | |
| Número de clasificación | xxxxxx |
| Número de documento/Ítem | xxxxxx |
| 110 1# - ENTRADA PRINCIPAL--NOMBRE DE ENTIDAD CORPORATIVA | |
| Nombre de entidad corporativa o nombre de jurisdicción como elemento de entrada | República Dominicana. |
| Unidad subordinada | Poder Judicial |
| 9 (RLIN) | 15992 |
| 245 10 - MENCIÓN DE TÍTULO | |
| Título | Justicia y Comunidad : |
| Resto del título | ¿qué es el poder judicial de la República Dominicana? |
| 260 ## - PUBLICACIÓN, DISTRIBUCIÓN, ETC. | |
| Lugar de publicación, distribución, etc. | Santo Domingo : |
| Nombre del editor, distribuidor, etc. | Amigo del hogaar, |
| Fecha de publicación, distribución, etc. | 2012. |
| 300 ## - DESCRIPCIÓN FÍSICA | |
| Extensión | 74 p. : |
| Otras características físicas | il. ; |
| Dimensiones | 28 cm. |
| Estado de retiro | Estado de pérdida | Restricciones de uso | No para préstamo | Código de colección | Localización permanente | Ubicación/localización actual | Ubicación en estantería | Fecha de adquisición | Número de inventario | Total de préstamos | Signatura topográfica completa | Código de barras | Fecha visto por última vez | Número de copia | Precio válido a partir de | Tipo de ítem Koha |
|---|---|---|---|---|---|---|---|---|---|---|---|---|---|---|---|---|
| Dominicana de Servicio | General | General | Depósito | 15.12.2014 | LF1 | xxxxxx xxxxxx | 44664-30 | 25.06.2020 | e.3 | 25.06.2020 | Libro y Folleto Colección Dominicana de Servicio | |||||
| Excluido de préstamo | Patrimonio Dominicano | Patrimonio Dominicano | Patrimonio Dominicano | Depósito | 15.12.2014 | LF1 | xxxxxx xxxxxx | 44664-10 | 25.06.2020 | 25.06.2020 | Libro y Folleto Colección Patrimonio Dominicano | |||||
| Excluido de préstamo | Patrimonio Dominicano | Patrimonio Dominicano | Patrimonio Dominicano | Depósito | 15.12.2014 | LF1 | xxxxxx xxxxxx | 44664-20 | 25.06.2020 | e.2 | 25.06.2020 | Libro y Folleto Colección Patrimonio Dominicano |
